| 000 | 01145cam a22003251i 4500 | ||
|---|---|---|---|
| 001 | 10306004 | ||
| 003 | EG-ScBUE | ||
| 005 | 20240418124644.0 | ||
| 008 | 750110t1961 nyuab f b 000 0 eng d | ||
| 035 | _a(OCoLC)1136915 | ||
| 040 |
_aDLC _beng _erda _cTxShA _dOCoLC _dNBrockU _dDLC _dEG-ScBUE |
||
| 041 | 1 |
_aeng _hger |
|
| 043 | _aa-ja--- | ||
| 082 | 0 | 4 |
_a952.19 _bJUN _222 |
| 100 | 1 |
_aJungk, Robert _d1913- _eauthor. _910651 |
|
| 240 | 1 | 0 |
_aStrahlen aus der Asche. _lEnglish |
| 245 | 1 | 0 |
_aChildren of the Ashes : _bThe story of a rebirth / _cby Robert Jungk ; translated by Constantine Fitzgibbon. |
| 264 | 1 |
_aNew York : _bHarcourt, Brace & World, _c[1961] |
|
| 264 | 4 | _cc1961 | |
| 300 |
_a317 pages : _billustrations, maps ; _c21 cm |
||
| 336 |
_2rdacontent _atext _btxt |
||
| 337 |
_aunmediated _2rdamedia _bn |
||
| 338 |
_avolume _bnc _2rdacarrier |
||
| 504 | _aIncludes bibliographical references. | ||
| 546 | _aText in English ; translated from the original Germany. | ||
| 651 | 7 |
_aHiroshima-shi (Japan) _xHistory. _2BUEsh _910652 |
|
| 655 | _vReading book | ||
| 700 | 1 |
_aFitzgibbon, Constantine, _etranslator. _910653 |
|
| 942 |
_2ddc _cBB |
||
| 999 |
_c13208 _d13208 |
||